000 00351nam a2200133Ia 4500
005 20260326235459.0
008 260326s9999||||xx |||||||||||||| ||und||
100 _aSack, Florentine
245 0 _aOpen House :
_b Towards a new Architecture /
_cFlorentine Sack
260 _bJovis
300 _a175 p.
650 _aARQUITECTURA RESIDENCIAL
942 _cBK
999 _c8041
_d8041